000 01118nam a2200241Ia 4500
003 Ost
005 20260507075203.0
008 260507s9999||||xx |||||||||||||| ||und||
020 _a2995749991
040 _cfsecg
041 _aara
082 _a330
100 _aعرفة، سيد سالم
_eمؤلف
245 0 _aإدارة أسواق التجزئة /
_c سيد سالم عرفة
260 _aعمان:
_bدار الراية,
_c2009
300 _a276 صفحة؛
_c24 سم
504 _aمراجع ص.273
520 _aالتجارة الالكترونية و عاقتها بالتجزئة ، تجارة الجملة و التجزئة الالكترونية ، التجارة في خدمات التجزئة و الادارة الالكترونية ، ماهية المشروع و كيفية اختيار و تصميم الموقع المناسب له و تمويله ، ادارة عناصر المزيج التسويقي لتجارة التجزئة ، تجزئة السوق .
653 _aالإدارة
653 _aالأسواق التجارية
653 _aالتجارة
942 _cكتاب
999 _c43414
_d43414